[Event "NED-chT 2223"]
[Site "Netherlands"]
[Date "2023.04.01"]
[Round "8.7"]
[White "Rijnaarts, Sjef"]
[Black "Suvorov, Luca"]
[Result "1-0"]
[WhiteElo "2293"]
[BlackElo "2310"]
[PlyCount "115"]
[EventDate "2022.09.17"]
[EventType "team-tourn"]
[EventRounds "9"]
[EventCountry "NED"]
[SourceTitle "EXT 2024"]
[Source "ChessBase"]
[SourceDate "2023.10.10"]
[SourceVersion "1"]
[SourceVersionDate "2023.10.10"]
[SourceQuality "1"]
[WhiteTeam "Apeldoorn Amevo"]
[BlackTeam "Zuid Limburg"]
[WhiteTeamCountry "NED"]
[BlackTeamCountry "NED"]

1. e4 e5 2. Nf3 Nc6 3. Bb5 a6 4. Ba4 Nf6 5. 0-0 Be7 6. Re1 b5 7. Bb3 d6 8. c3 0-0 9. h3 Na5 10. Bc2 c5 11. d4 Qc7 12. Nbd2 Nc6 13. d5 Nd8 14. a4 Rb8 15. axb5 axb5 16. b4 Nb7 17. Nf1 Bd7 18. Ne3 Ra8 19. Bd2 Rfb8 20. Qb1 Qc8 21. Qb2 Bd8 22. Rxa8 Rxa8 23. c4 cxb4 24. cxb5 Bxb5 25. Bxb4 Bd7 26. Rc1 Bb6 27. Bb1 Qb8 28. Nc4 Bc7 29. Qc3 Ne8 30. Bd3 Qa7 31. Nfd2 Nc5 32. Bf1 f6 33. Nxd6 Na4 34. Qa3 Bb6 35. Qg3 Nxd6 36. Bxd6 Re8 37. Nc4 Bd4 38. Ne3 Qb6 39. Rc7 Qxd6 40. Nf5 Bxf2+ 41. Kxf2 Qb6+ 42. Kf3 Qb3+ 43. Ne3 Nb6 44. Rb7 Rc8 45. Qe1 f5 46. Qa5 f4 47. Qxb6 Qxb6 48. Rxb6 Rc3 49. Kf2 Rxe3 50. Rb7 Ba4 51. d6 Rxe4 52. d7 Bxd7 53. Rxd7 Rb4 54. Kf3 h5 55. Re7 Rb3+ 56. Ke4 Re3+ 57. Kf5 f3 58. Kg6 1-0

[Event "NED-chT 2223"]
[Site "Netherlands"]
[Date "2022.12.17"]
[Round "5.8"]
[White "Rijnaarts, Sjef"]
[Black "Jacobs, Florian"]
[Result "1-0"]
[WhiteElo "2293"]
[BlackElo "2266"]
[PlyCount "75"]
[EventDate "2022.09.17"]
[EventType "team-tourn"]
[EventRounds "9"]
[EventCountry "NED"]
[SourceTitle "CBM 213 Extra"]
[Source "ChessBase"]
[SourceDate "2023.05.31"]
[SourceVersion "1"]
[SourceVersionDate "2023.05.31"]
[SourceQuality "1"]
[WhiteTeam "Apeldoorn Amevo"]
[BlackTeam "Amstelveen Zukertort"]
[WhiteTeamCountry "NED"]
[BlackTeamCountry "NED"]

1. e4 e5 2. Nf3 Nc6 3. Bb5 a6 4. Ba4 Nf6 5. 0-0 Be7 6. Re1 b5 7. Bb3 d6 8. c3 0-0 9. h3 Na5 10. Bc2 c5 11. d4 Nd7 12. Nbd2 exd4 13. cxd4 Nc6 14. a4 Nxd4 15. Nxd4 cxd4 16. axb5 Qb6 17. Nc4 Qxb5 18. Qxd4 Qc5 19. Qxc5 dxc5 20. Bf4 g5 21. Bh2 Ra7 22. e5 Bb7 23. Rad1 Ba8 24. Bf5 Rd8 25. e6 fxe6 26. Bxe6+ Kf8 27. f4 Bf6 28. fxg5 Bd4+ 29. Kh1 Kg7 30. b4 Nf8 31. bxc5 Nxe6 32. Rxe6 Bd5 33. Rxd4 Bxe6 34. Rxd8 Bxc4 35. c6 Rf7 36. Be5+ Kg6 37. c7 Rf1+ 38. Kh2 1-0

[Event "NED-chT 1920"]
[Site "Netherlands"]
[Date "2020.03.07"]
[Round "6.7"]
[White "Rijnaarts, Sjef"]
[Black "Geurink, Jasper"]
[Result "1-0"]
[WhiteElo "2332"]
[BlackElo "2283"]
[PlyCount "89"]
[EventDate "2019.09.28"]
[EventType "team-tourn"]
[EventRounds "9"]
[EventCountry "NED"]
[SourceTitle "CBM 195 Extra"]
[Source "ChessBase"]
[SourceDate "2020.05.31"]
[SourceVersion "1"]
[SourceVersionDate "2020.05.31"]
[SourceQuality "1"]
[WhiteTeam "Apeldoorn MuConsult"]
[BlackTeam "Groningen Combinatie"]
[WhiteTeamCountry "NED"]
[BlackTeamCountry "NED"]

1. e4 e6 2. d4 d5 3. Nd2 Nf6 4. e5 Nfd7 5. Bd3 c5 6. c3 Nc6 7. Ne2 cxd4 8. cxd4 f6 9. exf6 Nxf6 10. Nf3 Bd6 11. 0-0 Qc7 12. h3 0-0 13. Be3 Bd7 14. Re1 Rae8 15. Nc3 a6 16. Rc1 Qa5 17. Bc2 b5 18. a3 Rc8 19. Bg5 b4 20. axb4 Nxb4 21. Bb1 Rc7 22. Ne5 Bc8 23. Re3 Qb6 24. Rg3 Kh8 25. Qd2 Bb7 26. Re3 Ne4 27. Nxe4 Rxc1+ 28. Qxc1 Bxe5 29. dxe5 dxe4 30. Qd2 Nd3 31. Bxd3 exd3 32. Rxd3 Bd5 33. Rg3 Qc7 34. Be3 Rc8 35. Kh2 Rf8 36. Bd4 Qd8 37. Bc3 Be4 38. Qe2 Qd5 39. Qxa6 Qc5 40. Qxe6 Qxf2 41. Qd7 Rg8 42. e6 Bg6 43. Rf3 Qc5 44. b4 Qc8 45. Bxg7+ 1-0

[Event "NED-chT 1920"]
[Site "Netherlands"]
[Date "2020.02.01"]
[Round "5.5"]
[White "Lopez, Jasel"]
[Black "Rijnaarts, Sjef"]
[Result "1/2-1/2"]
[WhiteElo "2411"]
[BlackElo "2332"]
[PlyCount "91"]
[EventDate "2019.09.28"]
[EventType "team-tourn"]
[EventRounds "9"]
[EventCountry "NED"]
[SourceTitle "CBM 195 Extra"]
[Source "ChessBase"]
[SourceDate "2020.05.31"]
[SourceVersion "1"]
[SourceVersionDate "2020.05.31"]
[SourceQuality "1"]
[WhiteTeam "Caissa"]
[BlackTeam "Apeldoorn MuConsult"]
[WhiteTeamCountry "NED"]
[BlackTeamCountry "NED"]

1. c4 c6 2. Nf3 d5 3. e3 Nf6 4. Nc3 e6 5. b3 Bd6 6. Bb2 0-0 7. Qc2 c5 8. Be2 Nc6 9. d4 cxd4 10. exd4 b6 11. 0-0 Bb7 12. a3 Rc8 13. Na4 b5 14. cxb5 Nxd4 15. Qd1 Nxe2+ 16. Qxe2 Ne4 17. b4 Qe7 18. Be5 Bxe5 19. Nxe5 Qc7 20. Qb2 f6 21. Nd3 Qc4 22. Nac5 Ba8 23. a4 Nxc5 24. Nxc5 d4 25. Qa2 Qxa2 26. Rxa2 e5 27. b6 Rf7 28. bxa7 Rxa7 29. a5 Rb8 30. Rb1 Bc6 31. f3 Kf7 32. Rab2 Bb5 33. Kf2 f5 34. Rd2 Bc6 35. Nd3 Kf6 36. Rc1 Ba8 37. Rb2 e4 38. fxe4 fxe4 39. Nc5 Bc6 40. Kg3 Ke5 41. Re2 e3 42. Nd3+ Kd6 43. Rc4 Kd5 44. Rc5+ Kd6 45. Rc4 Kd5 46. Rc5+ 1/2-1/2

[Event "NED-chT 1920"]
[Site "Netherlands"]
[Date "2019.11.02"]
[Round "2.10"]
[White "Go, Benjamin"]
[Black "Rijnaarts, Sjef"]
[Result "0-1"]
[WhiteElo "2121"]
[BlackElo "2332"]
[PlyCount "48"]
[EventDate "2019.09.28"]
[EventType "team-tourn"]
[EventRounds "9"]
[EventCountry "NED"]
[SourceTitle "CBM 193 Extra"]
[Source "ChessBase"]
[SourceDate "2020.01.31"]
[SourceVersion "1"]
[SourceVersionDate "2020.01.31"]
[SourceQuality "1"]
[WhiteTeam "Kennemer Combinatie"]
[BlackTeam "Apeldoorn MuConsult"]
[WhiteTeamCountry "NED"]
[BlackTeamCountry "NED"]

1. e4 c5 2. b4 cxb4 3. a3 d5 4. exd5 Qxd5 5. Bb2 e5 6. Nf3 Nc6 7. c4 bxc3 8. Nxc3 Qd8 9. Bc4 Nh6 10. Nxe5 Nxe5 11. Qe2 Bd6 12. d4 0-0 13. dxe5 Bxe5 14. 0-0 Re8 15. Rad1 Bxh2+ 16. Kh1 Bd6 17. Qh5 Bg4 18. Bxf7+ Kf8 19. Rxd6 Qxd6 20. Bxe8 Bxh5 21. Bxh5 Qd2 22. Ba1 Rc8 23. Ne4 Qf4 24. Bf3 Rc1 0-1

[Event "NED-chT 1819"]
[Site "Netherlands"]
[Date "2019.05.11"]
[Round "9.8"]
[White "Roos, Adrian"]
[Black "Rijnaarts, Sjef"]
[Result "1-0"]
[WhiteElo "2304"]
[BlackElo "2360"]
[PlyCount "89"]
[EventDate "2018.09.15"]
[EventType "team-tourn"]
[EventRounds "9"]
[EventCountry "NED"]
[SourceTitle "CBM 189 Extra"]
[Source "ChessBase"]
[SourceDate "2019.06.03"]
[SourceVersion "1"]
[SourceVersionDate "2019.06.03"]
[SourceQuality "1"]
[WhiteTeam "Sas van Gent"]
[BlackTeam "Apeldoorn MuConsult"]
[WhiteTeamCountry "NED"]
[BlackTeamCountry "NED"]

1. Nf3 d5 2. d4 c6 3. c4 Nf6 4. Nc3 e6 5. e3 Nbd7 6. Bd2 Bd6 7. Bd3 0-0 8. 0-0 dxc4 9. Bxc4 e5 10. Qc2 exd4 11. exd4 Nb6 12. Bb3 Bg4 13. Ne5 Qc8 14. Nxg4 Qxg4 15. Rae1 Rae8 16. Qd3 Qh4 17. h3 Bf4 18. Be3 Bxe3 19. Rxe3 Rd8 20. Ne4 Nbd5 21. Nxf6+ Qxf6 22. Re4 g6 23. Rfe1 Kg7 24. Qg3 Rd7 25. h4 h5 26. Re5 Rfd8 27. R1e4 Re7 28. Bxd5 cxd5 29. Rf4 Qd6 30. Rxh5 Re4 31. Rhf5 Rxf4 32. Rxf4 Qe6 33. Rf3 Rc8 34. Rc3 Rxc3 35. bxc3 f6 36. Kh2 Qe2 37. f3 Qxa2 38. Qc7+ Kf8 39. Qc8+ Kf7 40. Qxb7+ Kf8 41. Qc8+ Kf7 42. Qd7+ Kf8 43. Qe6 Qc2 44. Qxf6+ Kg8 45. Qd8+ 1-0

[Event "NED-chT 1819"]
[Site "Netherlands"]
[Date "2019.02.09"]
[Round "6.5"]
[White "Rijnaarts, Sjef"]
[Black "Nijboer, Friso"]
[Result "0-1"]
[WhiteElo "2360"]
[BlackElo "2495"]
[PlyCount "62"]
[EventDate "2018.09.15"]
[EventType "team-tourn"]
[EventRounds "9"]
[EventCountry "NED"]
[SourceTitle "CBM 189 Extra"]
[Source "ChessBase"]
[SourceDate "2019.06.03"]
[SourceVersion "1"]
[SourceVersionDate "2019.06.03"]
[SourceQuality "1"]
[WhiteTeam "Apeldoorn MuConsult"]
[BlackTeam "En Passant"]
[WhiteTeamCountry "NED"]
[BlackTeamCountry "NED"]

1. e4 c5 2. Nf3 Nc6 3. d4 cxd4 4. Nxd4 Nf6 5. Nc3 d6 6. Bg5 e6 7. Qd2 a6 8. 0-0-0 Bd7 9. Qe1 h6 10. Bh4 Qb6 11. Nb3 Be7 12. h3 Qc7 13. f4 b5 14. Bd3 b4 15. Ne2 e5 16. fxe5 dxe5 17. Bf2 Be6 18. Kb1 0-0 19. g4 Nd7 20. Qg1 Rfc8 21. h4 a5 22. g5 h5 23. Nc5 Nxc5 24. Bxc5 Bxa2+ 25. Kxa2 b3+ 26. Ka1 bxc2 27. Rd2 Nb4 28. Bxe7 Qd7 29. b3 a4 30. Kb2 Nxd3+ 31. Rxd3 Qxd3 0-1

[Event "Vlissingen HZ op 22nd"]
[Site "Vlissingen"]
[Date "2018.08.08"]
[Round "6"]
[White "Admiraal, Miguoel"]
[Black "Rijnaarts, Sjef"]
[Result "0-1"]
[WhiteElo "2479"]
[BlackElo "2339"]
[PlyCount "108"]
[EventDate "2018.08.04"]
[EventType "swiss"]
[EventRounds "9"]
[EventCountry "NED"]
[SourceTitle "CBM 185 Extra"]
[Source "ChessBase"]
[SourceDate "2018.07.29"]
[SourceVersion "1"]
[SourceVersionDate "2018.07.29"]
[SourceQuality "1"]

1. c4 c6 2. e4 d5 3. exd5 cxd5 4. cxd5 Nf6 5. Nc3 g6 6. Qb3 Bg7 7. Be2 0-0 8. d4 Na6 9. Bf3 Qa5 10. Nge2 Rd8 11. 0-0 Qb4 12. Qd1 Nc7 13. a3 Qb6 14. Nf4 g5 15. Nh5 Nxh5 16. Bxh5 Nxd5 17. Bxg5 Qxb2 18. Nxd5 Rxd5 19. Be3 Bf5 20. Qf3 Rad8 21. Rab1 Qxa3 22. Rxb7 a5 23. h3 Bg6 24. Qxd5 Rxd5 25. Rb8+ Bf8 26. Bh6 e6 27. Bxf8 Qxf8 28. Rxf8+ Kxf8 29. Bxg6 hxg6 30. Ra1 Ke7 31. Kf1 Kd6 32. Ke2 Kc6 33. Ke3 Kb5 34. f4 Kc4 35. g4 Kc3 36. h4 Kb2 37. Ra4 Kb3 38. Ra1 a4 39. Kd3 a3 40. Rb1+ Ka4 41. Rh1 a2 42. Kc2 Rb5 43. f5 Rb3 44. fxg6 fxg6 45. h5 gxh5 46. gxh5 Ka3 47. Re1 Rb2+ 48. Kd3 Rb1 49. Rxe6 a1Q 50. Ra6+ Kb4 51. Rxa1 Rxa1 52. Ke4 Rh1 53. d5 Kc5 54. d6 Kxd6 0-1

[Event "NED-chT 1718"]
[Site "Netherlands"]
[Date "2018.04.07"]
[Round "8.10"]
[White "Rijnaarts, Sjef"]
[Black "Pijpers, Arthur"]
[Result "0-1"]
[WhiteElo "2336"]
[BlackElo "2462"]
[PlyCount "58"]
[EventDate "2017.09.16"]
[EventType "team-tourn"]
[EventRounds "9"]
[EventCountry "NED"]
[SourceTitle "EXT 2019"]
[Source "ChessBase"]
[SourceDate "2018.10.10"]
[SourceVersion "1"]
[SourceVersionDate "2018.10.10"]
[SourceQuality "1"]
[WhiteTeam "Apeldoorn"]
[BlackTeam "Leiden LSG"]
[WhiteTeamCountry "NED"]
[BlackTeamCountry "NED"]

1. e4 c5 2. Nf3 d6 3. d4 cxd4 4. Nxd4 Nf6 5. Nc3 Nc6 6. Bg5 e6 7. Qd2 Qb6 8. Nb3 a6 9. Be2 Be7 10. Bxf6 Bxf6 11. Qxd6 Be5 12. Qd2 0-0 13. 0-0 Rd8 14. Bd3 Na5 15. Nd1 Nc4 16. Qc1 Qc6 17. f4 Bc7 18. e5 b5 19. Nd2 Bb7 20. Nf3 Ba5 21. Bxc4 Bd2 22. Qb1 Qxc4 23. Nxd2 Rxd2 24. Rf2 Rad8 25. Ne3 Rxf2 26. Kxf2 Qxf4+ 27. Ke2 Bxg2 28. Qg1 Bf3+ 29. Ke1 Qxe5 0-1

[Event "NED-chT 1718"]
[Site "Netherlands"]
[Date "2017.12.16"]
[Round "5.4"]
[White "Levin, Felix"]
[Black "Rijnaarts, Sjef"]
[Result "1/2-1/2"]
[WhiteElo "2483"]
[BlackElo "2336"]
[PlyCount "108"]
[EventDate "2017.09.16"]
[EventType "team-tourn"]
[EventRounds "9"]
[EventCountry "NED"]
[SourceTitle "EXT 2019"]
[Source "ChessBase"]
[SourceDate "2018.10.10"]
[SourceVersion "1"]
[SourceVersionDate "2018.10.10"]
[SourceQuality "1"]
[WhiteTeam "Voerendaal"]
[BlackTeam "Apeldoorn"]
[WhiteTeamCountry "NED"]
[BlackTeamCountry "NED"]

1. d4 d5 2. Nf3 Nf6 3. c4 c6 4. Nbd2 Bf5 5. Nh4 Bg6 6. Qb3 Qc7 7. Nxg6 hxg6 8. g3 Nbd7 9. Bg2 Nb6 10. 0-0 Rd8 11. cxd5 cxd5 12. Nf3 e6 13. Bf4 Bd6 14. Rfc1 Qb8 15. Qb5+ Ke7 16. Ne5 Rc8 17. Nd3 Bxf4 18. gxf4 Nc4 19. Qb4+ Nd6 20. Ne5 Rc7 21. Rc5 Nd7 22. Nxd7 Kxd7 23. Rac1 Rhc8 24. e3 b6 25. R5c3 Rxc3 26. Rxc3 Rxc3 27. Qxc3 Qc7 28. Qxc7+ Kxc7 29. Kf1 f5 30. Ke2 Ne8 31. Kd3 Kd6 32. f3 Nf6 33. e4 Nh5 34. e5+ Kc6 35. Ke3 b5 36. b4 Kb6 37. Bh3 Kc6 38. Bf1 a6 39. Bd3 Kb6 40. Bc2 a5 41. a3 axb4 42. axb4 Kc6 43. Bd3 Kb6 44. Be2 Kc6 45. Bf1 Kb6 46. Bh3 Kc6 47. Bf1 Kb6 48. Kf2 Nxf4 49. Ke3 g5 50. h4 g6 51. hxg5 Nh5 52. Bd3 Ng7 53. f4 Kc6 54. Be2 Kb6 1/2-1/2

[Event "NED-chT 1718"]
[Site "Netherlands"]
[Date "2017.11.04"]
[Round "3.6"]
[White "Rijnaarts, Sjef"]
[Black "Werle, Jan"]
[Result "1-0"]
[WhiteElo "2336"]
[BlackElo "2527"]
[PlyCount "135"]
[EventDate "2017.09.16"]
[EventType "team-tourn"]
[EventRounds "9"]
[EventCountry "NED"]
[SourceTitle "EXT 2019"]
[Source "ChessBase"]
[SourceDate "2018.10.10"]
[SourceVersion "1"]
[SourceVersionDate "2018.10.10"]
[SourceQuality "1"]
[WhiteTeam "Apeldoorn"]
[BlackTeam "Groningen Combinatie"]
[WhiteTeamCountry "NED"]
[BlackTeamCountry "NED"]

1. e4 e6 2. d4 d5 3. Nc3 Nf6 4. e5 Nfd7 5. f4 c5 6. Nf3 Nc6 7. Be3 Be7 8. Qd2 a6 9. dxc5 Nxc5 10. 0-0-0 Qa5 11. Kb1 b5 12. Ne2 b4 13. Bxc5 Qxc5 14. Ned4 Nxd4 15. Nxd4 0-0 16. h4 Bd7 17. h5 a5 18. Rh3 Rac8 19. g4 f6 20. exf6 Bxf6 21. Nb3 Qc7 22. g5 Be7 23. h6 g6 24. Ba6 Ra8 25. Qd4 Rf7 26. Bd3 Qxf4 27. Bxg6 Qxd4 28. Bxf7+ Kxf7 29. Nxd4 Bxg5 30. Rg3 Bf6 31. Nf3 Ke7 32. Ng5 Rg8 33. Rdg1 Be5 34. Rf3 Be8 35. Rff1 Bd4 36. Rg3 Rg6 37. Rh1 e5 38. c3 bxc3 39. bxc3 Bc5 40. Rhh3 Bd7 41. Rh5 Rb6+ 42. Kc1 Ba3+ 43. Kd2 Rb2+ 44. Ke1 Bc5 45. Nh3 Kd6 46. Rhg5 e4 47. Rg6+ Be6 48. Rg7 d4 49. Ng5 Rb1+ 50. Kd2 e3+ 51. Kd3 Rd1+ 52. Ke2 Rd2+ 53. Ke1 Bf5 54. cxd4 Bb4 55. Rxe3 Rxa2+ 56. Kf1 a4 57. Nxh7 Bd2 58. Re5 Bd3+ 59. Kg1 Bxh6 60. Rf7 Bd2 61. Rf6+ Kc7 62. Rf7+ Kd6 63. Nf6 Ra1+ 64. Kg2 Re1 65. Rd7+ Kc6 66. Rc5+ Kb6 67. Nd5+ Ka6 68. Rd6+ 1-0

[Event "NED-chT 1718"]
[Site "Netherlands"]
[Date "2017.09.23"]
[Round "2.8"]
[White "Cuijpers, Frans Andre"]
[Black "Rijnaarts, Sjef"]
[Result "1-0"]
[WhiteElo "2432"]
[BlackElo "2336"]
[PlyCount "64"]
[EventDate "2017.09.16"]
[EventType "team-tourn"]
[EventRounds "9"]
[EventCountry "NED"]
[SourceTitle "EXT 2019"]
[Source "ChessBase"]
[SourceDate "2018.10.10"]
[SourceVersion "1"]
[SourceVersionDate "2018.10.10"]
[SourceQuality "1"]
[WhiteTeam "Rotterdam Pathena"]
[BlackTeam "Apeldoorn"]
[WhiteTeamCountry "NED"]
[BlackTeamCountry "NED"]

1. e4 c5 2. Nf3 d6 3. d4 cxd4 4. Nxd4 Nf6 5. Nc3 a6 6. Be2 e5 7. Nb3 Be7 8. Be3 Be6 9. Nd5 Nxd5 10. exd5 Bc8 11. c4 0-0 12. 0-0 Nd7 13. Qd2 Nf6 14. Na5 Ne4 15. Qb4 Bg5 16. Bxg5 Qxg5 17. Rad1 Bh3 18. Bf3 f5 19. Rfe1 f4 20. Kf1 Bxg2+ 21. Bxg2 f3 22. Bh3 Nxf2 23. Be6+ Kh8 24. Kxf2 Qg2+ 25. Ke3 Rf4 26. Nxb7 f2 27. Rf1 Raf8 28. Nxd6 h6 29. Nf7+ R8xf7 30. Bxf7 Qf3+ 31. Kd2 Rd4+ 32. Kc2 Qf5+ 1-0

[Event "BL2-West 1415"]
[Site "Germany"]
[Date "2014.11.09"]
[Round "3.5"]
[White "Mertens, Heiko"]
[Black "Rijnaarts, Sjef"]
[Result "0-1"]
[WhiteElo "2320"]
[BlackElo "2341"]
[PlyCount "68"]
[EventDate "2014.09.21"]
[EventType "team-tourn"]
[EventRounds "9"]
[EventCountry "GER"]
[SourceTitle "CBM 166 Extra"]
[Source "ChessBase"]
[SourceDate "2015.06.18"]
[SourceVersion "1"]
[SourceVersionDate "2015.06.18"]
[SourceQuality "1"]
[WhiteTeam "Godesberg"]
[BlackTeam "Emsdetten Turm II"]
[WhiteTeamCountry "GER"]
[BlackTeamCountry "GER"]

1. e4 c5 2. Nf3 d6 3. d4 cxd4 4. Nxd4 Nf6 5. Nc3 e6 6. Be2 Be7 7. Be3 0-0 8. 0-0 Nc6 9. f4 Bd7 10. Nb3 a6 11. a4 b6 12. g4 Bc8 13. g5 Nd7 14. Rf3 Re8 15. Rg3 Bf8 16. Qd2 Nc5 17. Rd1 Bb7 18. Qe1 Nb4 19. Rh3 Rc8 20. Qh4 h6 21. Nxc5 bxc5 22. Qg4 Nxc2 23. Bf2 Nd4 24. Bd3 Rb8 25. gxh6 g6 26. h7+ Kh8 27. f5 exf5 28. exf5 Bc8 29. Nd5 Nxf5 30. Rf3 Bg7 31. Bxf5 Bxf5 32. Rxf5 gxf5 33. Qxf5 Rxb2 34. Rd3 Ree2 0-1

[Event "Naujac op 17th"]
[Site "Naujac"]
[Date "2014.07.04"]
[Round "7"]
[White "Rijnaarts, Sjef"]
[Black "Wohl, Aleksandar H"]
[Result "1/2-1/2"]
[WhiteElo "2346"]
[BlackElo "2339"]
[PlyCount "137"]
[EventDate "2014.06.29"]
[EventType "swiss"]
[EventRounds "9"]
[EventCountry "FRA"]
[SourceTitle "CBM 161 Extra"]
[Source "ChessBase"]
[SourceDate "2014.08.29"]
[SourceVersion "1"]
[SourceVersionDate "2014.08.29"]
[SourceQuality "1"]

1. e4 e5 2. Nf3 Nc6 3. Bb5 Nge7 4. c3 g6 5. d4 exd4 6. cxd4 a6 7. Ba4 b5 8. Bc2 Bg7 9. 0-0 d6 10. d5 Na5 11. Bd2 c5 12. dxc6 Nexc6 13. Bc3 0-0 14. Bxg7 Kxg7 15. Nc3 Bg4 16. h3 Be6 17. a4 b4 18. Nd5 Bxd5 19. Qxd5 Qf6 20. Rab1 Qe6 21. Qxe6 fxe6 22. Rfd1 b3 23. Bd3 Kf6 24. Rbc1 Rfb8 25. Be2 Ke7 26. Rd3 Rb4 27. Rdc3 Kd7 28. Nd2 Rab8 29. Bxa6 Rxa4 30. Be2 Ra2 31. Nc4 Nd4 32. Bd1 Nac6 33. Rb1 Rb4 34. Nd2 Na5 35. h4 Rb7 36. Kh2 d5 37. h5 Kd6 38. Rd3 Rb4 39. exd5 exd5 40. hxg6 hxg6 41. Rg3 g5 42. Rxg5 Nc4 43. Nxc4+ Rxc4 44. Rg3 Rc2 45. Rxb3 Rxf2 46. Rb4 Nc6 47. Rb6 Kc5 48. Rb7 Ne5 49. Kg3 Rd2 50. Bf3 Ra8 51. Rc1+ Kd6 52. Rb6+ Kd7 53. Rh1 Kc7 54. Re6 Rg8+ 55. Kf4 Ng6+ 56. Ke3 Rxb2 57. Rh7+ Kb8 58. Bxd5 Rb4 59. Ra6 Re8+ 60. Kf2 Re7 61. Rh1 Ne5 62. Ra8+ Kc7 63. Rc1+ Kd6 64. Rd1 Ng4+ 65. Kg1 Rd4 66. Ra6+ Kxd5 67. Rxd4+ Kxd4 68. Ra4+ Ke5 69. Rxg4 1/2-1/2

[Event "Oberliga NRW 1314"]
[Site "Germany"]
[Date "2014.01.12"]
[Round "5.5"]
[White "Rijnaarts, Sjef"]
[Black "Gupta, Milon"]
[Result "1/2-1/2"]
[WhiteElo "2390"]
[BlackElo "2236"]
[PlyCount "93"]
[EventDate "2013.09.15"]
[EventType "team-tourn"]
[EventRounds "9"]
[EventCountry "GER"]
[SourceTitle "EXT 2015"]
[Source "ChessBase"]
[SourceDate "2014.11.20"]
[SourceVersion "1"]
[SourceVersionDate "2014.11.20"]
[SourceQuality "1"]
[WhiteTeam "Emsdetten Turm II"]
[BlackTeam "Solingen II"]
[WhiteTeamCountry "GER"]
[BlackTeamCountry "GER"]

1. e4 e5 2. Nf3 Nc6 3. Bb5 a6 4. Ba4 Nf6 5. 0-0 Be7 6. Re1 b5 7. Bb3 d6 8. c3 0-0 9. h3 Nb8 10. d4 Nbd7 11. Nbd2 Bb7 12. Bc2 Re8 13. Nf1 Bf8 14. Ng3 g6 15. a4 c5 16. d5 c4 17. Bg5 h6 18. Be3 Nc5 19. Qd2 h5 20. Bg5 Be7 21. Ra3 Nfd7 22. Be3 Qc7 23. Rea1 Nb6 24. axb5 axb5 25. Qc1 Nbd7 26. Nd2 Rxa3 27. Rxa3 Ra8 28. Qa1 Rxa3 29. Qxa3 Bd8 30. f4 Qa5 31. Qxa5 Bxa5 32. Nf3 Bb6 33. fxe5 dxe5 34. Kf2 f6 35. Nf1 Bc7 36. Nh4 f5 37. Nd2 Bd6 38. Ke2 Nb6 39. Kd1 Bc8 40. Kc1 Bd7 41. Bd1 Nc8 42. Be2 Ne7 43. Kc2 Kg7 44. Nhf3 Nc8 45. Nh2 Ne7 46. Nhf3 Nc8 47. Nh4 1/2-1/2

[Event "NED-chT 1314"]
[Site "Netherlands"]
[Date "2013.09.21"]
[Round "1.6"]
[White "Rijnaarts, Sjef"]
[Black "Erwich, Frank"]
[Result "1/2-1/2"]
[WhiteElo "2354"]
[BlackElo "2337"]
[PlyCount "110"]
[EventDate "2013.09.21"]
[EventType "team-tourn"]
[EventRounds "9"]
[EventCountry "NED"]
[SourceTitle "EXT 2015"]
[Source "ChessBase"]
[SourceDate "2014.11.20"]
[SourceVersion "1"]
[SourceVersionDate "2014.11.20"]
[SourceQuality "1"]
[WhiteTeam "Apeldoorn"]
[BlackTeam "BSG"]
[WhiteTeamCountry "NED"]
[BlackTeamCountry "NED"]

1. e4 e5 2. Nf3 Nc6 3. Bb5 Nge7 4. 0-0 g6 5. c3 a6 6. Ba4 Bg7 7. d4 exd4 8. cxd4 0-0 9. d5 b5 10. Bb3 Na5 11. Bc2 d6 12. Nc3 b4 13. Ne2 c5 14. Ng3 Bd7 15. Rb1 Nc4 16. Bd3 Nb6 17. b3 Nec8 18. h3 Na7 19. Bb2 Nb5 20. Bxg7 Kxg7 21. Qd2 Nc3 22. Rbe1 Re8 23. Nh2 Qf6 24. f4 Qd4+ 25. Rf2 Bb5 26. f5 Qxd3 27. f6+ Kh8 28. Qh6 Rg8 29. Nf3 g5 30. Rd2 Rg6 31. Qh5 Ne2+ 32. Rexe2 Qc3 33. Rf2 Qxf6 34. Nh4 Qa1+ 35. Rd1 Qxd1+ 36. Qxd1 gxh4 37. Qa1+ Kg8 38. Nh5 Nd7 39. Nf6+ Nxf6 40. Rxf6 Re8 41. Rf4 Re5 42. Qb2 Bd3 43. Qf2 Bxe4 44. Qxh4 Bxg2 45. Rg4 Bxd5 46. Qd8+ Kg7 47. Qxd6 Rxg4+ 48. hxg4 Rg5 49. Qxc5 Rxg4+ 50. Kh2 Be6 51. Qb6 h5 52. Qxa6 h4 53. Qa7 Re4 54. Qf2 h3 55. Qc2 Rh4 1/2-1/2

[Event "Amsterdam Science Park op-A 3rd"]
[Site "Amsterdam"]
[Date "2013.07.10"]
[Round "5"]
[White "Rijnaarts, Sjef"]
[Black "In't Veld, Daan"]
[Result "1-0"]
[WhiteElo "2360"]
[BlackElo "2232"]
[PlyCount "99"]
[EventDate "2013.07.06"]
[EventType "swiss"]
[EventRounds "9"]
[EventCountry "NED"]
[SourceTitle "CBM 155 Extra"]
[Source "ChessBase"]
[SourceDate "2013.08.26"]
[SourceVersion "1"]
[SourceVersionDate "2013.08.26"]
[SourceQuality "1"]

1. e4 c5 2. Nf3 e6 3. d4 cxd4 4. Nxd4 Nc6 5. Nc3 d6 6. Be3 Nf6 7. f3 Be7 8. Qd2 0-0 9. 0-0-0 d5 10. exd5 Nxd5 11. Nxd5 Qxd5 12. c4 Qe5 13. f4 Qc7 14. Nb5 Qb8 15. Be2 Rd8 16. Qc2 Bd7 17. Nc3 Nb4 18. Qb1 Bc6 19. a3 Na6 20. Bd3 Bc5 21. Bxh7+ Kh8 22. Rxd8+ Qxd8 23. Bd2 Bxg2 24. Re1 Qd4 25. Be4 Rd8 26. Qc2 Qf2 27. Bxg2 Qxg2 28. Ne4 Be7 29. Be3 Qxc2+ 30. Kxc2 b6 31. b4 Kh7 32. b5 Nc7 33. a4 f5 34. Nc3 g5 35. a5 Bc5 36. Bxc5 bxc5 37. fxg5 Kg6 38. b6 axb6 39. axb6 Na6 40. Rxe6+ Kxg5 41. Nd5 f4 42. Re5+ Kg4 43. Re4 Kg5 44. Kb3 f3 45. h4+ Kf5 46. Rf4+ Ke5 47. Rxf3 Rh8 48. Rf4 Nb4 49. Nxb4 Kxf4 50. Nc6 1-0